Greek Cuisine by Images - Statistics

General Stats
  • This quiz has been taken 49 times
  • The average score is 6 of 16
Answer Stats
Picture Answer % Correct
Moussaka
83%
Baklava
69%
Gyros
64%
Souvlaki
64%
Tzatziki
62%
Spanakopita
60%
Pastitsio
31%
Saganaki
29%
Keftedes
19%
Loukoumades
19%
Dolmadakia
17%
Bougatsa
14%
Koulouri
14%
Paidakia
7%
Papoutsakia
7%
Tomatokeftedes
5%
No matching quizzes found
Score Distribution
Percent of People with Each Score
Percentile by Number Answered
Your Score History
You have not taken this quiz